| 000 | 01049cam a22003014a 4500 | ||
|---|---|---|---|
| 999 |
_c104 _d104 |
||
| 001 | 12021527 | ||
| 003 | GBCCL | ||
| 005 | 20241126110330.0 | ||
| 008 | 000525s2000 cau b 001 0 eng | ||
| 010 | _a 00042507 | ||
| 020 | _a0830725741 (hardcover) | ||
| 020 | _a0830725768 (trade paper) | ||
| 040 |
_aDLC _cDLC _dDLC |
||
| 042 | _apcc | ||
| 050 | 0 | 0 |
_aBV601.2 _b.W34 2000 |
| 082 | 0 | 0 |
_a262.1 _221 _bWAG |
| 100 | 1 |
_aWagner, C. Peter. _92967 |
|
| 245 | 1 | 0 |
_aApostles and prophets : _bthe foundation of the church / _cC. Peter Wagner. |
| 260 |
_aVentura, Calif. : _bRegal, _cc2000. |
||
| 300 |
_a144 p. ; _c22 cm. |
||
| 504 | _aIncludes bibliographical references and index. | ||
| 650 | 0 |
_aApostolate (Christian theology) _92965 |
|
| 650 | 0 |
_aProphecy _xChristianity. _95591 |
|
| 650 | 0 |
_aChurch polity. _92966 |
|
| 906 |
_a7 _bcbc _corignew _d1 _eocip _f20 _gy-gencatlg |
||
| 942 |
_2ddc _cBK |
||